| 000 | 00583nmm a2200229 a 4500 | ||
|---|---|---|---|
| 003 | AR-BaBNM | ||
| 005 | 20251128211748.0 | ||
| 008 | 216020s2002 ||||||||||||||000 | spa|| | ||
| 020 | _a85-7238-074-4 | ||
| 040 | _cAR-BaBNM | ||
| 100 | 1 | _aPereira, Wilson | |
| 245 | 1 | 0 |
_aA pedra de Minas _bpoemas gerais |
| 260 |
_aBrasÃlia _bLGE Editora _c2002 |
||
| 300 | 0 | _a291 p. | |
| 500 | 0 | _aContiene dedicatoria del autor | |
| 650 | 4 | _aPOESIA | |
| 650 | 4 | _aLITERATURA CONTEMPORANEA | |
| 653 | _aLITERATURA BRASILENA | ||
| 655 | _aLITERATURA | ||
| 942 | _cBK | ||
| 998 | _cme-solo cat | ||
| 999 |
_c21002 _d21002 |
||